| 000 | 00683nam a22002057a 4500 | ||
|---|---|---|---|
| 003 | OSt | ||
| 005 | 20231101095212.0 | ||
| 008 | 221006b |||||||| |||| 00| 0 eng d | ||
| 040 | _cBiblioteca Lado V | ||
| 082 |
_a700.74 _bR656g |
||
| 100 |
_91168 _aRobinot, Roseman _eautor |
||
| 245 | _aGuyane/ | ||
| 260 |
_c1996 _aBrasil _b23eme Biennale de Sao Paulo 5 octobre 8 decembre |
||
| 300 |
_c28 x 22cm _a9p. |
||
| 650 |
_2Tesauro de Arte & Arquitectura _aARTE |
||
| 650 |
_2Tesauro de Arte & Arquitectura _aBIENAL |
||
| 650 |
_2Tesauro de Arte & Arquitectura _aPINTURA |
||
| 650 |
_2Tesauro de Arte & Arquitectura _aBRASIL |
||
| 942 |
_2ddc _c1 _h700.74 _iR656g _n0 |
||
| 999 |
_c4501 _d4501 |
||